Historia de la literatura inglesa / (Record no. 128474)

MARC details
000 -LEADER
campo de control de longitud fija 00598nam a2200193 i 4500
001 - NÚMERO DE CONTROL
campo de control 128474
003 - IDENTIFICADOR DE NÚMERO DE CONTROL
campo de control ES-MaACL
005 - FECHA Y HORA DE LA ÚLTIMA TRANSACCIÓN
campo de control 20251015063129.0
007 - CAMPO FIJO DE DESCRIPCIÓN FÍSICA--INFORMACIÓN GENERAL
campo de control de longitud fija t|
008 - DATOS DE LONGITUD FIJA--INFORMACIÓN GENERAL
campo de control de longitud fija 070514s1945 ag ||||1| spa d
080 ## - NÚMERO DE LA CLASIFICACIÓN DECIMAL UNIVERSAL
Número de la Clasificación Decimal Universal 82.09
100 1# - ENTRADA PRINCIPAL--NOMBRE DE PERSONA
Nombre de persona Taine, Hippolyte,
Fechas asociadas al nombre 1828-1893
9 (RLIN) 109085
245 10 - MENCIÓN DEL TÍTULO
Título Historia de la literatura inglesa /
Mención de responsabilidad, etc. Hipólito Taine ; [Traducción del francés por José de Casa].
260 ## - PUBLICACIÓN, DISTRIBUCIÓN, ETC.
Lugar de publicación, distribución, etc. Buenos Aires :
Nombre del editor, distribuidor, etc. Américalee,
Fecha de publicación, distribución, etc. [1945]
300 ## - DESCRIPCIÓN FÍSICA
Extensión 908 p. ;
Dimensiones 24 cm.
700 1# - ENTRADA AGREGADA--NOMBRE PERSONAL
Nombre de persona Caso, José de.
9 (RLIN) 36323
852 ## - LOCALIZACIÓN
Ubicación ES-MaACL
Número de control de estantería C-3882
Sublocalización o colección R.23560
Holdings
Estatus retirado Estado de pérdida Estado de daño No para préstamo Biblioteca de origen Biblioteca actual Ubicación en estantería Fecha de adquisición Fuente de adquisición Total de préstamos Signatura topográfica completa Código de barras Visto por última vez Precio de reemplazo Tipo de ítem Koha
        Biblioteca del Ateneo de Madrid Biblioteca del Ateneo de Madrid Sala Palomar 17/01/2008     C-3882 1133803 23/02/2023 23/02/2023 Libro impreso